| 000 | 00463 a2200157 4500 | ||
|---|---|---|---|
| 005 | 20250628140541.0 | ||
| 020 | _a0-13-727447-5 | ||
| 082 | _a651.3 ADM | ||
| 100 | _aKILGOUR, L. | ||
| 245 | _aAdministrative Procedures for the Canadian Office. | ||
| 250 | _a4th Ed. | ||
| 260 |
_aNew York, _bPearson Prentice Hall, _c2012. |
||
| 300 |
_aviii, 488p.: ill.; figure, picture, table _bGlossary & Index _c27cm |
||
| 700 | _aKILGOUR, E. [...et ai...] | ||
| 942 |
_2ddc _cBKS |
||
| 999 |
_c6045 _d6045 |
||